000 00815nam a2200265 4500
001 45349
010 _a9789722410700
021 _b432829/17
090 _a45349
100 _a20190102d2018 c y0pory50030103ba
101 0 _apor
102 _aPT
200 1 _aPoemas da mentira e da verdade
_fLuísa Ducla Soares
_gil. Ana Cristina Inácio
205 _a12.ª ed.
210 9 _aLisboa
_cLivros Horizonte,
_d2018
215 _a33, [1] p.
_cil.
_d29 cm
225 2 _aÁlbuns
675 _a087.5
_vBN
_zpor
675 _a821.134.3-93"19/20"
_vBN
_zpor
675 _a821.134.3-1"19/20"
_vBN
_zpor
700 1 _aSoares,
_bLuísa Ducla,
_f1939-
702 1 _aInácio,
_bAna Cristina
_4440
801 0 _aPT
_bBN
_gRPC
856 4 1 _uhttp://rnod.bnportugal.gov.pt/ImagesBN/winlibimg.aspx?skey=&doc=2009922&img=118750&save=true
990 _cLIVROS